[Event "Calvia Amateur op 13th"]
[Site "Calvia"]
[Date "2016.10.09"]
[Round "2"]
[White "Nicholson, John"]
[Black "Nettleton, Robin"]
[Result "1-0"]
[WhiteElo "1773"]
[BlackElo "1288"]
[PlyCount "53"]
[EventDate "2016.10.08"]
[EventType "swiss"]
[EventRounds "9"]
[EventCountry "ESP"]
[SourceTitle "CBM 175 Extra"]
[Source "ChessBase"]
[SourceDate "2016.12.12"]
[SourceVersion "1"]
[SourceVersionDate "2016.12.12"]
[SourceQuality "1"]

1. e4 c6 2. d4 e6 3. Nf3 d5 4. e5 h6 5. Bd3 Nd7 6. 0-0 f6 7. exf6 Ngxf6 8. Re1 Nb6 9. Ne5 Rg8 10. Bg6+ Ke7 11. Bf7 Rh8 12. Ng6+ Kxf7 13. Nxh8+ Ke8 14. Qd3 Qe7 15. Ng6 Qf7 16. Ne5 Qh5 17. Nc3 Bd6 18. Bf4 Nbd7 19. Ng6 Bxf4 20. Nxf4 Qf7 21. Nxe6 Qg8 22. Qg6+ Ke7 23. Nc7+ Kd8 24. Nxa8 Nf8 25. Qg3 Ne8 26. Rxe8+ Kxe8 27. Re1+ 1-0

[Event "Reykjavik op"]
[Site "Reykjavik"]
[Date "2015.03.12"]
[Round "4"]
[White "Nicholson, John"]
[Black "Edvardsen, Ragnar"]
[Result "0-1"]
[WhiteElo "1808"]
[BlackElo "2001"]
[PlyCount "148"]
[EventDate "2015.03.10"]
[EventType "swiss"]
[EventRounds "10"]
[EventCountry "ISL"]
[SourceTitle "CBM 165 Extra"]
[Source "ChessBase"]
[SourceDate "2015.04.21"]
[SourceVersion "1"]
[SourceVersionDate "2015.04.21"]
[SourceQuality "1"]

1. e4 c5 2. Nc3 Nc6 3. f4 d6 4. Nf3 g6 5. Bc4 Bg7 6. 0-0 e6 7. d3 Nge7 8. f5 exf5 9. Ng5 Ne5 10. exf5 Bxf5 11. Nxf7 Nxf7 12. g4 d5 13. Nxd5 Nxd5 14. gxf5 0-0 15. fxg6 Ne5 16. gxh7+ Kh8 17. Rxf8+ Bxf8 18. Qh5 Nxc4 19. Bg5 Nf6 20. Qf7 Qd4+ 21. Kh1 Bg7 22. Qxc4 Qxc4 23. dxc4 Ne4 24. Be3 Rf8 25. c3 b6 26. Kg2 Kxh7 27. Rd1 Rf7 28. Rd8 Bf6 29. Rd5 Kg6 30. Kh3 Bg7 31. Kg2 Bf6 32. Kh3 Ng5+ 33. Kg2 Ne6 34. Kg3 Ng7 35. Kg4 Re7 36. Bf4 Re4 37. Kf3 Re7 38. b4 Ne6 39. bxc5 Nxf4 40. Kxf4 Rc7 41. h4 Bxh4 42. cxb6 Rxc4+ 43. Ke3 axb6 44. Rd6+ Bf6 45. Rxb6 Rxc3+ 46. Ke4 Ra3 47. Rb3 Rxa2 48. Rg3+ Kf7 49. Rb3 Ra4+ 50. Kf5 Ra5+ 51. Ke4 Re5+ 52. Kf4 Re1 53. Rb7+ Kg6 54. Rb3 Be5+ 55. Kf3 Kf5 56. Rb7 Rh1 57. Rf7+ Bf6 58. Rb7 Rh3+ 59. Kg2 Ra3 60. Rb4 Be5 61. Rb7 Kg4 62. Rb4+ Bf4 63. Rb2 Rg3+ 64. Kf1 Rh3 65. Rg2+ Kf3 66. Rf2+ Ke3 67. Re2+ Kd3 68. Rg2 Be3 69. Ra2 Rg3 70. Ra3+ Ke4 71. Ke2 Rg2+ 72. Kd1 Rd2+ 73. Ke1 Kf3 74. Ra1 Rh2 0-1

[Event "Reykjavik op"]
[Site "Reykjavik"]
[Date "2015.03.11"]
[Round "3"]
[White "Bergsson, Stefan"]
[Black "Nicholson, John"]
[Result "1-0"]
[WhiteElo "2063"]
[BlackElo "1808"]
[PlyCount "33"]
[EventDate "2015.03.10"]
[EventType "swiss"]
[EventRounds "10"]
[EventCountry "ISL"]
[SourceTitle "CBM 165 Extra"]
[Source "ChessBase"]
[SourceDate "2015.04.21"]
[SourceVersion "1"]
[SourceVersionDate "2015.04.21"]
[SourceQuality "1"]

1. e4 e6 2. d4 d5 3. Nc3 Be7 4. Nf3 Nf6 5. Bd3 c5 6. e5 Nfd7 7. dxc5 Bxc5 8. 0-0 Nc6 9. Qe2 f6 10. exf6 Nxf6 11. Bg5 0-0 12. Rae1 e5 13. Nxe5 Nxe5 14. Qxe5 Bd6 15. Qd4 Bxh2+ 16. Kxh2 Qc7+ 17. f4 1-0

[Event "Calvia Amateur op 11th"]
[Site "Calvia"]
[Date "2014.10.12"]
[Round "9"]
[White "Juan Mas, Santiago"]
[Black "Nicholson, John"]
[Result "0-1"]
[WhiteElo "2007"]
[BlackElo "1781"]
[PlyCount "36"]
[EventDate "2014.10.04"]
[EventType "swiss"]
[EventRounds "9"]
[EventCountry "ESP"]
[SourceTitle "EXT 2015"]
[Source "ChessBase"]
[SourceDate "2014.11.20"]
[SourceVersion "1"]
[SourceVersionDate "2014.11.20"]
[SourceQuality "1"]

1. Nf3 d5 2. g3 Nf6 3. Bg2 c5 4. 0-0 Nc6 5. d3 e5 6. Nbd2 e4 7. Ne1 h5 8. c4 h4 9. cxd5 Qxd5 10. Nxe4 Nxe4 11. Bxe4 Qh5 12. Bf3 Bg4 13. Bxg4 Qxg4 14. f3 Qh3 15. g4 Bd6 16. Rf2 0-0-0 17. Qa4 Bg3 18. Bf4 Rd4 0-1

[Event "Calvia Amateur op 11th"]
[Site "Calvia"]
[Date "2014.10.08"]
[Round "5"]
[White "Navarrete Terrasa, Sebastian"]
[Black "Nicholson, John"]
[Result "1-0"]
[WhiteElo "2019"]
[BlackElo "1781"]
[PlyCount "53"]
[EventDate "2014.10.04"]
[EventType "swiss"]
[EventRounds "9"]
[EventCountry "ESP"]
[SourceTitle "EXT 2015"]
[Source "ChessBase"]
[SourceDate "2014.11.20"]
[SourceVersion "1"]
[SourceVersionDate "2014.11.20"]
[SourceQuality "1"]

1. d4 d5 2. c4 e6 3. Nc3 c5 4. cxd5 cxd4 5. Qxd4 Nc6 6. Qd1 exd5 7. Qxd5 Bd7 8. Nf3 Nf6 9. Qd1 Bc5 10. e3 0-0 11. Be2 Re8 12. 0-0 Qe7 13. a3 Rad8 14. b4 Bb6 15. Bb2 Bg4 16. Qc2 Nd5 17. Rfd1 Nxe3 18. fxe3 Qxe3+ 19. Kh1 Bxf3 20. Bxf3 Nd4 21. Qd3 Qf2 22. Qd2 Qh4 23. Nd5 Nxf3 24. gxf3 Rxd5 25. Qxd5 Bc7 26. Qd2 Qh5 27. Qg2 1-0

[Event "Sunningdale e2e4 U1800 op 04"]
[Site "Sunningdale"]
[Date "2014.04.19"]
[Round "4"]
[White "Wilson, Matthew R"]
[Black "Nicholson, John"]
[Result "1-0"]
[WhiteElo "1790"]
[BlackElo "1778"]
[PlyCount "49"]
[EventDate "2014.04.17"]
[EventType "swiss"]
[EventRounds "7"]
[EventCountry "ENG"]
[SourceTitle "EXT 2015"]
[Source "ChessBase"]
[SourceDate "2014.11.20"]
[SourceVersion "1"]
[SourceVersionDate "2014.11.20"]
[SourceQuality "1"]

1. Nf3 d5 2. g3 Bg4 3. Bg2 Nd7 4. d4 Ngf6 5. Nbd2 e6 6. 0-0 Bd6 7. c4 c6 8. b3 0-0 9. Bb2 Ne4 10. Nxe4 dxe4 11. Nd2 f5 12. f3 exf3 13. exf3 Bh5 14. Qe1 Re8 15. f4 Rb8 16. Nf3 h6 17. Kh1 g5 18. d5 Bxf3 19. Bxf3 e5 20. dxc6 exf4 21. Qd2 Ne5 22. Bd5+ Kh7 23. gxf4 Nxc6 24. fxg5 hxg5 25. Rxf5 1-0

[Event "Calvia Amateur op 10th"]
[Site "Calvia"]
[Date "2013.10.07"]
[Round "3"]
[White "Nicholson, John"]
[Black "Planas Gene, Juan"]
[Result "0-1"]
[WhiteElo "1790"]
[BlackElo "2082"]
[PlyCount "46"]
[EventDate "2013.10.05"]
[EventType "swiss"]
[EventRounds "9"]
[EventCountry "ESP"]
[SourceTitle "EXT 2014"]
[Source "ChessBase"]
[SourceDate "2013.11.20"]
[SourceVersion "1"]
[SourceVersionDate "2013.11.20"]
[SourceQuality "1"]

1. e4 c5 2. Nc3 Nc6 3. f4 g6 4. Nf3 Bg7 5. Bc4 e6 6. 0-0 Nge7 7. d3 0-0 8. f5 d5 9. fxg6 dxc4 10. gxh7+ Kh8 11. Ng5 Ne5 12. Nxf7+ Rxf7 13. Rxf7 Nxf7 14. Qh5 Qd4+ 15. Kh1 Qf2 16. Be3 Qxe3 17. Qxf7 Qg5 18. e5 Bxe5 19. Rf1 Bd7 20. Ne4 Qg7 21. Qh5 Nf5 22. g4 Qh6 23. Qxh6 Nxh6 0-1

[Event "SCO-ch 120th"]
[Site "Helensburgh"]
[Date "2013.07.06"]
[Round "1"]
[White "Aird, Ian"]
[Black "Nicholson, John"]
[Result "0-1"]
[WhiteElo "1988"]
[BlackElo "1781"]
[PlyCount "58"]
[EventDate "2013.07.06"]
[EventType "swiss"]
[EventRounds "9"]
[EventCountry "SCO"]
[SourceTitle "EXT 2014"]
[Source "ChessBase"]
[SourceDate "2013.11.20"]
[SourceVersion "1"]
[SourceVersionDate "2013.11.20"]
[SourceQuality "1"]

1. e4 e6 2. d3 c5 3. g3 Nc6 4. Bg2 Nf6 5. Nf3 d5 6. Nbd2 Be7 7. 0-0 0-0 8. Re1 Rb8 9. e5 Nd7 10. Nf1 f6 11. exf6 Bxf6 12. Bh3 Nde5 13. Nxe5 Bxe5 14. c3 Qf6 15. f4 Bd6 16. Ne3 b5 17. Ng4 Qg6 18. Ne5 Nxe5 19. fxe5 Be7 20. d4 b4 21. Be3 c4 22. Qe2 Bd7 23. Rf1 a5 24. Rxf8+ Bxf8 25. Rf1 bxc3 26. bxc3 Ba3 27. Bc1 Bxc1 28. Rxc1 Qh6 29. Qf1 Rf8 0-1

[Event "Prague op-B 12th"]
[Site "Prague"]
[Date "2013.??.??"]
[Round "3"]
[White "Nicholson, John"]
[Black "Zikmund, Jaroslav"]
[Result "0-1"]
[WhiteElo "1780"]
[BlackElo "1925"]
[PlyCount "44"]
[EventDate "2013.01.09"]
[EventType "swiss"]
[EventRounds "9"]
[EventCountry "CZE"]
[SourceTitle "CBM 152 Extra"]
[Source "ChessBase"]
[SourceDate "2013.02.25"]
[SourceVersion "1"]
[SourceVersionDate "2013.02.25"]
[SourceQuality "1"]

1. e4 c5 2. Nc3 Nc6 3. f4 d6 4. Nf3 Nf6 5. Bc4 Bg4 6. h3 Bxf3 7. Qxf3 Nd4 8. Qd1 a6 9. a4 b5 10. Bd5 Nxd5 11. Nxd5 e6 12. Ne3 Qh4+ 13. Kf1 Qxf4+ 14. Kg1 Qxe4 15. d3 Qb7 16. Kh2 Be7 17. c3 Nc6 18. Rf1 0-0 19. d4 cxd4 20. cxd4 d5 21. axb5 axb5 22. Rxa8 Rxa8 0-1

[Event "Guernsey op 37th"]
[Site "Guernsey"]
[Date "2011.10.17"]
[Round "2"]
[White "Nicholson, John"]
[Black "Downey, Keith"]
[Result "0-1"]
[WhiteElo "1836"]
[BlackElo "1987"]
[PlyCount "66"]
[EventDate "2011.10.16"]
[EventType "swiss"]
[EventRounds "7"]
[EventCountry "GCI"]
[SourceTitle "EXT 2012"]
[Source "ChessBase"]
[SourceDate "2011.11.24"]
[SourceVersion "1"]
[SourceVersionDate "2011.11.24"]
[SourceQuality "1"]

1. e4 c5 2. Nc3 a6 3. f4 b5 4. Nf3 Bb7 5. d3 e6 6. a4 b4 7. Ne2 d5 8. e5 d4 9. Ng3 g6 10. Be2 Bg7 11. 0-0 Ne7 12. Ne4 Bxe4 13. dxe4 Nbc6 14. Bc4 Na5 15. Be2 Qc7 16. c3 dxc3 17. bxc3 Rd8 18. Qe1 Nb3 19. Rb1 Nxc1 20. Qxc1 bxc3 21. Bxa6 0-0 22. Qxc3 Bh6 23. g3 Qa7 24. Bb5 Rc8 25. Rfd1 Rfd8 26. Kg2 Bf8 27. Rd6 Qb7 28. Rbd1 Rxd6 29. Rxd6 Qxe4 30. Qd2 Nf5 31. Rd3 c4 32. Rd7 Ne3+ 33. Kf2 Nd5 0-1

[Event "Guernsey op"]
[Site "Grand Havre Bay"]
[Date "2010.10.20"]
[Round "4"]
[White "Cummins, John"]
[Black "Nicholson, John"]
[Result "1-0"]
[WhiteElo "1882"]
[BlackElo "1863"]
[PlyCount "65"]
[EventDate "2010.10.17"]
[EventType "swiss"]
[EventRounds "7"]
[EventCountry "GCI"]
[SourceTitle "EXT 2011"]
[Source "ChessBase"]
[SourceDate "2010.11.26"]
[SourceVersion "1"]
[SourceVersionDate "2010.11.26"]
[SourceQuality "1"]

1. e4 e6 2. d4 d5 3. Nc3 Be7 4. Nf3 Nf6 5. e5 Nfd7 6. Bd3 c5 7. Bf4 Nc6 8. 0-0 0-0 9. Nb5 a6 10. Nd6 cxd4 11. a3 Ndxe5 12. Nxe5 Bxd6 13. Re1 Qc7 14. Qe2 Nxe5 15. Bxe5 Bxe5 16. Qxe5 Qxe5 17. Rxe5 f6 18. Ree1 Bd7 19. f4 Rac8 20. Re2 Kf7 21. Rae1 g6 22. g3 Rfe8 23. Kf2 Rc5 24. Kf3 Bb5 25. Rd1 e5 26. fxe5 fxe5 27. Rf2 Ke6 28. Kg4 Bd7 29. Kg5 Rc7 30. Rdf1 Rh8 31. Rf7 h6+ 32. Kxg6 Rg8+ 33. Kh7 1-0

[Event "Guernsey op 35th"]
[Site "Guernsey"]
[Date "2009.10.18"]
[Round "1"]
[White "Prins, Jan"]
[Black "Nicholson, John"]
[Result "1-0"]
[WhiteElo "2069"]
[BlackElo "1882"]
[PlyCount "48"]
[EventDate "2009.10.18"]
[EventType "swiss"]
[EventRounds "7"]
[EventCountry "GCI"]
[SourceTitle "EXT 2010"]
[Source "ChessBase"]
[SourceDate "2010.11.25"]
[SourceVersion "1"]
[SourceVersionDate "2010.11.25"]
[SourceQuality "1"]

1. d4 d5 2. Nf3 Nf6 3. c4 dxc4 4. Nc3 c6 5. a4 Bf5 6. e3 Nbd7 7. Bxc4 e6 8. 0-0 Qc7 9. Re1 e5 10. Qb3 0-0-0 11. e4 Bg6 12. d5 Nb6 13. Bg5 Bc5 14. dxc6 Nxc4 15. Qxc4 Qb6 16. cxb7+ Kxb7 17. a5 Bxf2+ 18. Kf1 Qc5 19. Qxc5 Bxc5 20. Bxf6 gxf6 21. b4 Bd4 22. Rac1 Rc8 23. Nxd4 exd4 24. Nb5 a6 1-0

[Event "Guernsey op 33rd"]
[Site "Guernsey"]
[Date "2007.10.23"]
[Round "3"]
[White "Nicholson, John"]
[Black "Lohou, Stephane"]
[Result "0-1"]
[WhiteElo "1910"]
[BlackElo "2161"]
[PlyCount "58"]
[EventDate "2007.10.21"]
[EventType "swiss"]
[EventRounds "7"]
[EventCountry "GCI"]
[SourceTitle "EXT 2009"]
[Source "ChessBase"]
[SourceDate "2008.11.26"]
[SourceVersion "1"]
[SourceVersionDate "2008.11.26"]
[SourceQuality "1"]

1. e4 c5 2. Nf3 e6 3. c3 Nf6 4. Bd3 d6 5. 0-0 Be7 6. Bc2 0-0 7. d4 cxd4 8. cxd4 Nc6 9. Nc3 e5 10. d5 Nb8 11. a4 a5 12. h3 Na6 13. Kh1 Nb4 14. Bb1 Ne8 15. g4 Bd7 16. Nh2 Bg5 17. f4 Bxf4 18. Bxf4 exf4 19. Rxf4 h6 20. Ne2 Nf6 21. Ng3 Rc8 22. h4 Nh7 23. Nf5 Bxf5 24. gxf5 Qf6 25. Qd2 Rc7 26. Ra3 Rfc8 27. Rf1 Nc2 28. Rc3 Rxc3 29. bxc3 Na3 0-1

[Event "Monarch Assurance 16th"]
[Site "Port Erin"]
[Date "2007.09.29"]
[Round "8"]
[White "Nicholson, John"]
[Black "Troyke, Doreen"]
[Result "1/2-1/2"]
[WhiteElo "1910"]
[BlackElo "2151"]
[PlyCount "35"]
[EventDate "2007.09.22"]
[EventType "swiss"]
[EventRounds "9"]
[EventCountry "IOM"]
[SourceTitle "CBM 120 Extra"]
[Source "ChessBase"]
[SourceDate "2007.11.01"]
[SourceVersion "1"]
[SourceVersionDate "2007.11.01"]
[SourceQuality "1"]

1. e4 c5 2. Nf3 d6 3. c3 Nf6 4. d3 g6 5. g3 Bg7 6. Bg2 0-0 7. 0-0 Nc6 8. Re1 Qc7 9. h3 Rd8 10. Na3 a6 11. d4 cxd4 12. cxd4 Bd7 13. Bf4 e5 14. Bg5 h6 15. Bc1 Rac8 16. d5 Na5 17. Bd2 b5 18. Rc1 1/2-1/2

[Event "Monarch Assurance 15th"]
[Site "Port Erin"]
[Date "2006.09.30"]
[Round "8"]
[White "Savory, Richard J"]
[Black "Nicholson, John"]
[Result "1-0"]
[WhiteElo "2101"]
[BlackElo "1945"]
[PlyCount "55"]
[EventDate "2006.09.23"]
[EventType "swiss"]
[EventRounds "9"]
[EventCountry "IOM"]
[SourceTitle "CBM 114 Extra"]
[Source "ChessBase"]
[SourceDate "2006.11.03"]
[SourceVersion "1"]
[SourceVersionDate "2006.11.03"]
[SourceQuality "1"]

1. e4 e6 2. d3 d5 3. Nd2 c5 4. g3 Nc6 5. Bg2 Nf6 6. Ngf3 Be7 7. 0-0 0-0 8. Re1 b5 9. e5 Nd7 10. h4 f6 11. exf6 Bxf6 12. Bh3 Nde5 13. Nxe5 Bxe5 14. f4 Bxf4 15. gxf4 Qxh4 16. Bg2 Qxf4 17. Ne4 Qe5 18. Ng5 Qg3 19. Be3 Ne5 20. Qh5 h6 21. Bxc5 Bd7 22. Bxf8 Rxf8 23. Qe2 hxg5 24. Qxe5 Qf2+ 25. Kh1 Rf4 26. Re3 d4 27. Rh3 Rg4 28. Qb8+ 1-0